| 000 | 01169nam a22003257a 4500 | ||
|---|---|---|---|
| 001 | BR7100158 | ||
| 003 | BR-BrBNA | ||
| 005 | 20230928083638.0 | ||
| 007 | ta | ||
| 008 | 230509b bl.||||| |||| 00| 0 por d | ||
| 040 |
_aBR-BrBNA _bpor _cBiblioteca Nacional de Agricultura |
||
| 041 | _a(Por) | ||
| 072 |
_aH20 _b1850 _b/G514 |
||
| 090 | _ 1850 BR7100158 | ||
| 100 | 1 | _aAlmeida, R.T. de | |
| 110 | 1 |
_aUniversidade Federal de Vicosa, MG (Brasil) _0Tese (Magister Scientiae) |
|
| 245 | 1 | _aDeterminacao de racas fisiologicas de Fusarium oxysporum f. lycopersici (Snyder $ Hansen, no estado do Ceara, e resistencia de variedades de Lycopersicon esculentum, Mill, a alguns isolamentos [Fungo; Murcha de fusarium; Tomate; Brasil] | |
| 260 | 3 |
_aVicosa, MG (Brasil): _c1971. |
|
| 300 | _a35 p. | ||
| 500 | _a28 ref.; Summary (Por). (*) Documento disponível na(o) Universidade Federal de Vicosa, MG (Brazil) | ||
| 650 | _aDoenca de planta | ||
| 650 | _aTomate | ||
| 650 | _aFungo | ||
| 650 | _aMurcha de fusarium | ||
| 650 | _aRaca fisiologica | ||
| 650 | _aVariedade resistente | ||
| 650 | _aCeara | ||
| 909 |
_a202309 _bLucia _c55 _dLucia Elande |
||
| 942 | _cBK | ||
| 999 |
_c14616 _d14616 |
||